| 000 | 00874pab a2200169 454500 | ||
|---|---|---|---|
| 008 | 180718b2002 xxu||||| |||| 00| 0 eng d | ||
| 100 | _aMohapatra, K.M. | ||
| 245 | _aLeather goods industry in Kanpur: casteism, religion and business interlinkings | ||
| 260 | _c2002 | ||
| 300 | _ap.4029-035. | ||
| 362 | _a28 Sep | ||
| 520 | _aThis study explores how socio-economic factors interlink producers' businesses and production activities, and how business interlinkings cause extra-economic coercion on producers of both the Hindu and muslim communities, as well as those of various sub-castes and investment sizes. A cooperative could help alleviate many problems of the producers, and also mitigate caste and religious prejudices. - Reproduced. | ||
| 650 | _aLeather industry | ||
| 700 | _aSrivastava, Kavita | ||
| 773 | _aEconomic and Political Weekly | ||
| 909 | _a53981 | ||
| 999 |
_c53981 _d53981 |
||